000 00397nam a2200193Ia 4500
001 002678
003 YMCAF
005 20230512160152.0
008 100717s1966 ||||||||||||||||| ||und|d
024 _a2678
035 _a2658
040 _aYMCAF
_beng
_cIN-KoLT
041 _aeng
082 _aI.S-I.S63
100 _aI.S.I.
245 0 _aI.S. 818
260 _bI.S.I.
_c1966
942 _2ddc
_cBK
999 _c2186
_d2186